Aspectos controvetidos do compliance na administração pública / (Record no. 100)

MARC details
000 -LÍDER
Campo Fixo de Controle 00988nam a22003017a 4500
001 - NÚMERO DE CONTROLE
Campo de Controle 100
003 - IDENTIFICAÇÃO DO NÚMERO DE CONTROLE
Campo de Controle BR-CuiBMT
005 - DATA E HORA DA ÚLTIMA ATUALIZAÇÃO
Campo de Controle 20230929124322.0
008 - DADOS FIXOS
Dados Fixos 230811b2021 mgbaaaa 000 0 por d
020 ## - INTERNATIONAL STANDARD BOOK NUMBER
Nº do ISBN 9786555180442
040 ## - AGÊNCIA CATALOGADORA
Código da Agência Catalogadora BR-CuiBMT
Agência que transcreveu o registro BR-CuiBMT
080 ## - Nº DA CLASSIFICAÇÃO DECIMAL UNIVERSAL
Nº edição CDU 2007
Nº Class. CDU 347.72.028:351
090 ## - NÚMERO DE CHAMADA
Nº classificação 347.72.028:351
Cutter A838
245 00 - TÍTULO PRINCIPAL
Título principal Aspectos controvetidos do compliance na administração pública /
Indicação de responsabilidade Augusto Neves Dal Pozzo, Ricardo Marcondes Martins, coordenadores.
250 ## - EDIÇÃO
Edição 1. ed.
260 ## - PUBLICAÇÃO, DISTRIBUIÇÃO, ETC.
Local de publicação Belo Horizonte :
Editora Fórum,
Data c2020.
300 ## - DESCRIÇÃO FÍSICA
N. páginas ou volumes 553 p. :
Ilustrações il. ;
Dimensões 22 cm
504 ## - NOTA DE BIBLIOGRAFIA, ETC.
Nota de bibliografia Inclui bibliografia.
590 ## - NOTA LOCAL
Nota local A biblioteca possui a 1. reimpr. 2021.
650 ## - ASSUNTO TÓPICO
Cabeçalho tópico ou nome geográfico Administração pública
650 ## - ASSUNTO TÓPICO
Cabeçalho tópico ou nome geográfico Programas de compliance
650 ## - ASSUNTO TÓPICO
Cabeçalho tópico ou nome geográfico Governança coorporativa
650 ## - ASSUNTO TÓPICO
Cabeçalho tópico ou nome geográfico Direito empresarial
650 ## - ASSUNTO TÓPICO
Cabeçalho tópico ou nome geográfico Direito administrativo
700 1# - ENTRADA SECUNDÁRIA -- NOME PESSOAL
Cód. do termo explicativo coord.
Nome pessoal Dal Pozzo, Augusto Neves
700 1# - ENTRADA SECUNDÁRIA -- NOME PESSOAL
Cód. do termo explicativo coord.
Nome pessoal Martins, Ricardo Marcondes
942 ## - ELEMENTOS DE ENTRADA ADICIONAIS (KOHA)
Fonte de classificação ou esquema de arquivamento Classificação Decimal Universal
Tipo de item do Koha Livros
Holdings
Estado: removido Estado: perdido Fonte de classificação ou esquema de arquivamento Estado: danificado Indisponível para empréstimo Localização permanente Localização atual Data de aquisição Total Checkouts Número de Chamada completo Código de barras Date last seen Número do exemplar Preço efetivo a partir de Tipo de item (Koha) Nota pública
    Classificação Decimal Universal     Biblioteca da Escola Superior de Contas do TCE/MT Biblioteca da Escola Superior de Contas do TCE/MT 28/06/2023   347.72.028:351 A838 BIBTCEMT23080076 11/08/2023 Ex. 1 11/08/2023 Livros 1. reimpr. 2021
    Classificação Decimal Universal     Biblioteca da Escola Superior de Contas do TCE/MT Biblioteca da Escola Superior de Contas do TCE/MT 28/07/2023   347.72.028:351 A838 BIBTCEMT23090100 29/09/2023 Ex. 2 29/09/2023 Livros  
    Classificação Decimal Universal     Biblioteca da Escola Superior de Contas do TCE/MT Biblioteca da Escola Superior de Contas do TCE/MT 28/07/2023   347.72.028:351 A838 BIBTCEMT23090101 29/09/2023 Ex. 3 29/09/2023 Livros  
    Classificação Decimal Universal     Biblioteca da Escola Superior de Contas do TCE/MT Biblioteca da Escola Superior de Contas do TCE/MT 28/07/2023   347.72.028:351 A838 BIBTCEMT23090102 29/09/2023 Ex. 4 29/09/2023 Livros  
    Classificação Decimal Universal     Biblioteca da Escola Superior de Contas do TCE/MT Biblioteca da Escola Superior de Contas do TCE/MT 28/07/2023   347.72.028:351 A838 BIBTCEMT23090103 29/09/2023 Ex. 5 29/09/2023 Livros  

Powered by Koha